UBT Library

Abdominal Ultrasound in the Cancer Patient (Record no. 57050)

000 -LEADER
fixed length control field 00345nam a22001457a 4500
008 - FIXED-LENGTH DATA ELEMENTS--GENERAL INFORMATION
fixed length control field 210430b ||||| |||| 00| 0 eng d
020 ## - INTERNATIONAL STANDARD BOOK NUMBER
International Standard Book Number 0471017426
041 ## - LANGUAGE CODE
Language code of text/sound track or separate title eng
080 ## - UNIVERSAL DECIMAL CLASSIFICATION NUMBER
Universal Decimal Classification number 616.8-006
082 ## - DEWEY DECIMAL CLASSIFICATION NUMBER
Classification number 616.8-006
100 ## - Rafti
Rafti 6
101 ## - Shkurtesa
Shkurtesa KAN
245 ## - TITLE STATEMENT
Title Abdominal Ultrasound in the Cancer Patient
Statement of responsibility, etc Donn J. Brascho
942 ## - ADDED ENTRY ELEMENTS (KOHA)
Source of classification or shelving scheme
Item type Books
Holdings
Withdrawn status Lost status Source of classification or shelving scheme Damaged status Not for loan Collection code Permanent location Current location Shelving location Date acquired Total Checkouts Full call number Barcode Date last seen Price effective from Koha item type
          Koleksioni i përgjithshem UBT - Lipjan UBT - Lipjan Koleksioni i përgjithshem 04/30/2021   616.8-006 BRA 002-5000239 04/30/2021 04/30/2021 Books
UBT Library © 2015-2024. All rights reserved University Education for Business and Technology